000
00319nam a22001457a 4500
008
210302b ||||| |||| 00| 0 eng d
020
_a
752064712015
041
_a
eng
080
_a
004
082
_a
004
100
_a
28
101
_a
SHKI
245
_a
Designing with Web Standards
_c
Zeldman, J
942
_2
udc
_c
BK
999
_c
55431
_d
55431